000 01390cam a22004214i 4500
003 PE-LiUPU
005 20250731173205.0
008 150625s1967 gw r 000 0 jpn d
035 _a(Sirsi) a31199
040 _aPE-LiUPU
_bspa
_cPE-LiUPU
_erda
049 _aPRUA
082 0 4 _a220.48
_bB46
_221
130 _aBiblia.
_lGriego.
_f1967.
_sBIBLIA ETAIPEIA.
245 1 0 _aTA IEPA GPAMMATA :
_bMETA PASOENTA EK.
264 1 _aGermania :
_bBibaikh Etaipeia,
_c1967.
300 _a1102 páginas ;
_c21 centímetros
336 _atext
_2rdacontent
337 _aunmediated
_2rdamedia
338 _avolume
_2rdacarrier
505 0 _aDesde Genesis hasta Apocalipsis.
526 _aSEG42
526 _aSEG41
526 _aSEG40
526 _aSEG39
526 _aP94
526 _aP87
526 _aP86
526 _aP85
526 _aP77
526 _aP76
526 _aP35
630 _aBiblia.
_lGriego.
_f1967.
_sBIBLIA ETAIPEIA.
942 _2ddc
_cBOOK
949 _a220.48 B46
_wDEWEY
_c1
_i36765
_lCCODEBUL1
_mBUL
_p00.00
_r0
_sY
_tBOOK
_u2015-06-25
_xBIBLIOTECA
_zUNKNOWN
_0COMPRA
_o.STAFF. Colección General
596 _a1
999 _a220.48 B46
_wDEWEY
_c38726
_i36765
_d38726
_e2017-4-26
_f2021-11-9
_g5
_lCCODEBUL1
_mBUL
_n3
_p15.00
_q1
_r0
_sY
_tBOOK
_u2015-6-25
_xTEOLOGIA
_PP35
_0COMPRA
_o.STAFF. Colección Teología
980 _81
_gALBERTO SANCHEZ Responsable de Automatización